Statistics for Find Cities by Coordinates on a Map - Randomized!

Click here to take the quiz!

General Stats

  • This quiz has been taken 1,088 times
  • The average score is 8 of 12

Answers on the Map

Answers color-coded by a green-red scale on the quiz's map according to % correct below.
 

Answer Stats

LatitudeLongitudeCity% Correct
59.9°N30.4°ESt. Petersburg
94%
35.7°N139.7°ETokyo
93%
38.7°N9.1°WLisbon
91%
39.9°N116.4°EBeijing
90%
12.0°S77.0°WLima
85%
30.0°N31.2°ECairo
84%
33.9°S151.2°ESydney
84%
14.6°N90.5°WGuatemala City
82%
6.2°S106.8°EJakarta
81%
1.4°N103.8°ESingapore
81%
22.9°S43.2°WRio de Janeiro
80%
31.2°N121.5°EShanghai
80%
41.3°S174.8°EWellington
79%
31.8°N35.2°EJerusalem
78%
9.4°S147.2°EPort Moresby
78%
35.7°N51.4°ETehran
78%
36.9°S174.8°EAuckland
77%
41.9°N87.6°WChicago
77%
25.2°N55.3°EDubai
77%
21.0°N105.8°EHanoi
77%
3.1°N101.7°EKuala Lumpur
77%
41.9°N12.5°ERome
77%
50.9°N4.4°EBrussels
76%
48.9°N2.4°EParis
76%
32.0°S115.9°EPerth
76%
36.8°N3.1°EAlgiers
75%
23.8°N90.4°EDhaka
75%
1.3°S36.8°ENairobi
75%
59.9°N10.8°EOslo
75%
43.7°N79.4°WToronto
75%
9.0°N38.8°EAddis Ababa
74%
52.5°N13.4°EBerlin
74%
39.7°N105.0°WDenver
74%
0.2°S78.4°W
Quito
74%
34.6°N69.2°EKabul
74%
40.7°N74.0°WNew York City
74%
38.0°N23.7°EAthens
73%
47.5°N19.0°EBudapest
73%
53.3°N6.2°WDublin
73%
6.5°N3.4°ELagos
73%
51.5°N0.1°WLondon
73%
19.0°N72.9°EMumbai
73%
13.8°N100.5°EBangkok
72%
26.2°S28.0°EJohannesburg
72%
23.1°N82.4°WHavana
71%
50.5°N30.5°EKiev
71%
14.6°N121.0°EManila
71%
37.8°S145.0°EMelbourne
71%
59.3°N18.1°EStockholm
70%
33.3°N44.4°EBaghdad
69%
34.6°S58.4°WBuenos Aires
69%
33.9°S18.4°ECape Town
69%
27.7°N85.3°EKathmandu
69%
19.4°N99.1°WMexico City
69%
25.8°N80.2°WMiami
69%
47.6°N122.3°WSeattle
69%
37.6°N127.0°ESeoul
69%
9.1°N7.4°EAbuja
68%
51.2°N71.5°EAstana
68%
40.4°N3.7°WMadrid
68%
3.1°S60.0°WManaus
68%
24.7°N46.7°ERiyadh
68%
48.2°N16.4°EVienna
68%
15.8°S47.9°WBrasilia
67%
10.5°N66.9°WCaracas
67%
60.2°N24.9°EHelsinki
67%
37.8°N122.4°WSan Francisco
67%
33.4°S70.7°WSantiago
67%
33.6°N7.6°WCasablanca
66%
29.4°N48.0°EKuwait City
66%
34.1°N118.2°WLos Angeles
66%
52.4°N4.9°EAmsterdam
65%
33.7°N84.4°WAtlanta
65%
14.7°N17.5°WDakar
65%
24.9°N67.0°EKarachi
65%
4.4°S15.3°EKinshasa
65%
16.5°S68.1°WLa Paz
65%
4.2°N73.5°EMalé
65%
38.9°N77.0°WWashington, DC
65%
4.7°N74.1°WBogotá
64%
6.9°N79.9°EColombo
64%
28.7°N77.1°EDelhi
64%
40.4°N49.9°EBaku
63%
41.4°N2.2°EBarcelona
63%
44.4°N26.1°EBucharest
63%
50.1°N14.4°EPrague
63%
21.3°S50.3°WSão Paulo
63%
36.8°N10.2°ETunis
63%
55.7°N12.6°ECopenhagen
62%
9.0°N79.5°WPanama City
62%
41.3°N69.2°ETashkent
62%
52.2°N21.0°EWarsaw
62%
39.9°N32.9°EAnkara
61%
41.0°N29.0°EIstanbul
61%
22.6°N88.4°EKolkata
61%
5.4°N4.0°WAbidjan
60%
23.1°N113.3°EGuangzhou
60%
47.9°N106.9°EUlaanbaatar
60%
5.6°N0.2°WAccra
59%
21.3°N157.9°WHonolulu
59%
15.5°N32.6°EKhartoum
59%
32.8°N96.8°WDallas
58%
2.0°N45.3°EMogadishu
56%
18.5°N69.9°WSanto Domingo
56%
21.5°N39.2°EJeddah
54%
45.5°N73.5°WMontreal
54%
55.8°N37.6°EMoscow
54%
15.4°N44.2°ESana'a
54%
51.0°N114.1°WCalgary
53%
13.1°N80.3°EChennai
52%
34.7°N135.5°EOsaka
52%
30.6°N114.3°EWuhan
52%
25.3°N51.5°EDoha
50%
25.0°N121.6°ETaipei
49%
6.8°S39.2°EDar es Salaam
46%
34.3°N108.9°EXi'an
45%
43.2°N76.9°EAlmaty
43%
25.7°N100.3°WMonterrey
43%
32.9°N13.2°ETripoli
43%
16.8°N96.2°EYangon
43%
33.5°N36.3°EDamascus
41%
17.4°N78.5°EHyderabad
41%
30.6°N104.1°EChengdu
40%
8.8°S13.2°ELuanda
40%
13.0°S38.5°WSalvador
40%
31.5°N74.4°ELahore
39%
10.8°N106.7°EHo Chi Minh City
38%
23.0°N72.6°EAhmedabad
37%
20.7°N103.3°WGuadalajara
36%
43.9°N18.4°ESarajevo
35%
43.1°N131.9°EVladivostok
34%
45.5°N9.2°EMilan
32%
13.0°N77.6°EBangalore
28%
29.7°N91.1°ELhasa
28%

Score Distribution

Percentile by Number Answered

Percent of People with Each Score

Your Score History

You have not taken this quiz